| 000 -LEADER |
| fixed length control field |
00680nam a2200217Ia 4500 |
| 001 - CONTROL NUMBER |
| control field |
17845 |
| 003 - CONTROL NUMBER IDENTIFIER |
| control field |
GE_BSU |
| 008 - FIXED-LENGTH DATA ELEMENTS--GENERAL INFORMATION |
| fixed length control field |
181216s||||||||xx |||||||||||||| ||und|| |
| 040 ## - CATALOGING SOURCE |
| Transcribing agency |
GE_BSU |
| 080 ## - UNIVERSAL DECIMAL CLASSIFICATION NUMBER |
| Universal Decimal Classification number |
621.3.027(075.8) |
| 100 ## - MAIN ENTRY--PERSONAL NAME |
| Personal name |
Федченко,И.К. |
| 245 ## - TITLE STATEMENT |
| Title |
Техника высоких напряжений. |
| 245 ## - TITLE STATEMENT |
| Remainder of title |
Учебное пособие. |
| 245 ## - TITLE STATEMENT |
| Statement of responsibility, etc. |
Ред. М.Г.писаренко, Л.Н.Чмиль. |
| 260 ## - PUBLICATION, DISTRIBUTION, ETC. |
| Place of publication, distribution, etc. |
Киев. |
| 260 ## - PUBLICATION, DISTRIBUTION, ETC. |
| Name of publisher, distributor, etc. |
Вища школа. |
| 260 ## - PUBLICATION, DISTRIBUTION, ETC. |
| Date of publication, distribution, etc. |
1969. |
| 300 ## - PHYSICAL DESCRIPTION |
| Extent |
544 стр. с илл. 22 см. Библиогр.: стр. 315-318. |
| 653 ## - INDEX TERM--UNCONTROLLED |
| Uncontrolled term |
Техника высоких напряжений. |
| 942 ## - ADDED ENTRY ELEMENTS (KOHA) |
| Koha item type |
წიგნი |